Представление документа в формате MARC21

ПолеНазваниеЗначение
  Тип записи a
  Библиографический уровень m
001 Контрольный номер RU/URAIT/587811
005 Дата корректировки 20260429163657.2
008 Кодируемые данные 260429s2026 RU y f j 000 0 rus u
020 Индекс ISBN __
a ISBN 978-5-534-17223-2
c Цена, тираж 1669.00
040 Источник каталогиз. __
a Служба первич. каталог. ИКО Юрайт
c Служба, преобразующая запись ИКО Юрайт
e Правила каталог. RCR
041 Код языка издания __
a Код языка текста rus
044 Код страны публикации __
a Код страны публикации RU
080 Индекс УДК __
a Индекс УДК 514.18(075.32)
084 Индекс другой классификации/Индекс ББК __
2 Источник индекса rubbk
a Индекс другой классификации/Индекс ББК 22.151.3я723
100 Автор __
a Автор Константинов А. В.
q Полное имя Константинов Алексей Владимирович
245 Заглавие __
a Заглавие Начертательная геометрия
b Продолж. заглавия учебник для спо
c Ответственность А. В. Константинов.
250 Сведения об издании __
g пер. и доп
a Основные сведения об издании 2-е изд.
256 Характеристики компьютерного файла __
a Характеристики компьютерного файла Электрон. дан.
260 Выходные данные __
a Место издания Москва
b Издательство Юрайт
c Дата издания 2026
300 Физическое описание __
a Объем 401 с
440 Серия __
a Серия Профессиональное образование
500 Примечания __
a Примечание URL: https://urait.ru/bcode/587811 (дата обращения: 29.04.2026).
520 Аннотация __
a Аннотация Учебный материал по дисциплине «Начертательная геометрия» изложен в форме курса лекций, которые были прочитаны автором в Московском педагогическом государственном университете на художественно-графическом факультете в 1990—2015 гг. Учебный материал объясняется очень подробно, в виде лекций-рассказов, с большим количеством примеров, иллюстраций. Автор поставил цель по возможности сократить математические выкладки, доказательства, формулы и рассказать содержание предмета так, чтобы оно могло быть понято учащимися гуманитарных специальностей, не имеющих углубленной математической подготовки. Содержание курса соответствует актуальным требованиям Федерального государственного образовательного стандарта среднего профессионального образования и профессиональным требованиям. Для студентов средних специальных учебных заведений.
538 Прим. о системных особенностях __
a Прим. о системных особенностях Режим доступа: Электронно-библиотечная система Юрайт, для авториз. пользователей
653 Ключевые слова __
a Ключевые слова Инженерная графика и черчение
653 Ключевые слова __
a Ключевые слова Технические науки
653 Ключевые слова __
a Ключевые слова Начертательная геометрия. Инженерная графика
653 Ключевые слова __
a Ключевые слова Начертательная геометрия
653 Ключевые слова __
a Ключевые слова Начертательная геометрия и черчение
653 Ключевые слова __
a Ключевые слова Инженерная графика и начертательная геометрия
653 Ключевые слова __
a Ключевые слова Начертательная геометрия и перспектива
653 Ключевые слова __
a Ключевые слова Начертательная геометрия и инженерная графика
653 Ключевые слова __
a Ключевые слова Основы черчения и начертательной геометрии
653 Ключевые слова __
a Ключевые слова Основы черчения с начертательной геометрией
653 Ключевые слова __
a Ключевые слова Черчение и начертательная геометрия
653 Ключевые слова __
a Ключевые слова Основы черчения и начертательная геометрия
653 Ключевые слова __
a Ключевые слова Основы начертательной геометрии и технического черчения
653 Ключевые слова __
a Ключевые слова Начертательная геометрия и основы черчения
653 Ключевые слова __
a Ключевые слова Начертательная геометрия, черчение
856 Электронный адрес документа 40
n Местонахождение сервера Юрайт
g Электронная книга
q Тип электронного формата html
h Имя пользователя ЮРАЙТ
v Часы доступа к ресурсу 20271231
2 Способ доступа Показать документ
x Служебное примечание https://urait.ru/book/cover/C274E8FC-F3CD-4DF2-A0FF-1C46858A2AA7
u URL https://urait.ru/bcode/587811
856 Электронный адрес документа 48
q Тип электронного формата cover
u URL https://urait.ru/book/cover/C274E8FC-F3CD-4DF2-A0FF-1C46858A2AA7
911 __
u 0030=https://urait.ru/bcode/587811
911 __
u 073a=9785534172232
u 073d=1669.00
911 __
u 106a=s
911 __
u 900l=
952 Тип литературы __
i Дисциплина Начертательная геометрия. Инженерная графика
952 Тип литературы __
i Дисциплина Начертательная геометрия
952 Тип литературы __
i Дисциплина Начертательная геометрия и черчение
952 Тип литературы __
i Дисциплина Инженерная графика и начертательная геометрия
952 Тип литературы __
i Дисциплина Начертательная геометрия и перспектива
952 Тип литературы __
i Дисциплина Начертательная геометрия и инженерная графика
952 Тип литературы __
i Дисциплина Основы черчения и начертательной геометрии
952 Тип литературы __
i Дисциплина Основы черчения с начертательной геометрией
952 Тип литературы __
i Дисциплина Черчение и начертательная геометрия
952 Тип литературы __
i Дисциплина Основы черчения и начертательная геометрия
952 Тип литературы __
i Дисциплина Основы начертательной геометрии и технического черчения
952 Тип литературы __
i Дисциплина Начертательная геометрия и основы черчения
952 Тип литературы __
i Дисциплина Начертательная геометрия, черчение